| 000 | 00501nam a2200169u 4500 | ||
|---|---|---|---|
| 001 | 000018181 | ||
| 005 | 20200929165405.0 | ||
| 008 | 830721s1967 sp 000 0 eng | ||
| 010 | _a68051512 | ||
| 040 |
_aDO-SdBNP _cCarP _dDLC |
||
| 050 | 0 | 0 |
_aPQ6652.A62 _bH3 |
| 100 | 2 |
_aBarandiaran Irizar, Luis de. [from old catalog] _939389 |
|
| 245 | 1 | 0 | _aHay otra juventud. |
| 260 |
_aMadrid, : _bSociedad de Educacion Atenas, _c[1967]. |
||
| 300 |
_a246 p. ; _c19 cm. |
||
| 910 | _aCatalogación por copia / LC | ||
| 999 |
_c17702 _d17702 |
||